Responses for Show #7119 - Thursday, July 23, 2015

Scott Lord game 4.

Contestants

[<< previous game]

Anne-Marie Masse, a veterinarian from Pierrefonds, Quebec, Canada

Erin Saelzler, a pharmacist from Oregon, Ohio

Scott Lord, a construction attorney from Santa Monica, California (whose 3-day cash winnings total $73,401)

[next game >>]

Jeopardy! Round responses

MEDICAL MATTERS
FILM FRANCHISES
POTENT POTABLES
'90s NEWSMAKERS
STATE SEALS
ALLITERATION ALL AROUND
    $200 9
penicillin

Anne-Marie
    $200 2
Hogwarts

Scott
    $200 14
rye

Scott
    $200 18
Charles & Diana

Scott
    $200 26
(Scott: What is Montana?)

Alaska

ScottErin
    $200 1
Weight Watchers

Erin
    $400 17
hemoglobin

Anne-Marie
    $400 4
(Harrison) Ford

Scott
    $400 13
Guinness

Scott
    $400 19
Magic Johnson

Erin
    $400 27
a badger

Scott
    $400 22
Secret Santa

Anne-Marie
    $600 10
a Pap smear

Erin
    $600 3
The Dark Knight Rises

Erin
    $600 7
brandy

Scott
    $600 15
Madeleine Albright

Erin
    $600 28
Idaho

Scott
    $600 23
road rage

Anne-Marie
    $800 11
a hernia

Scott
    $800 5
the Terminator series

Erin
    $800 8
sake

Erin
    $800 20
Jesse Ventura

Erin
    $1,600 29
(Alex: [*], which is the Silver State.)

Nevada

Scott
    $800 24
Baby Boomers

Scott
    $1000 16
acetaminophen

Anne-Marie
    $1000 6
(Diane) Keaton

Scott
    $1000 12
(Scott: What is absinthe?)

Chartreuse

Scott
Triple Stumper
    $1000 21
Yitzhak Rabin

Erin
    $1000 30
Delaware

Erin
    $1000 25
Veni, vidi, vici

Anne-Marie

Scores at the first commercial break (after clue 15):

Scott Erin Anne-Marie
$2,600 $3,600 $200

Scores at the end of the Jeopardy! Round:

Scott Erin Anne-Marie
$6,000 $7,000 $3,600

Double Jeopardy! Round responses

TODAY'S TENNIS STARS
LITERARY SETTINGS
WOODROW WILSON'S FOURTEEN POINTS
I'M GOING ____ ON THE TITLE
LINGO
HIT THE "BEACH"
    $400 26
(Alex: Yeah, he did it at home.)

London

Erin
    $400 6
the Mississippi

Erin
    $400 12
territorial

Scott
    $400 1
Paris

Scott
    $400 23
drop a dime

Scott
    $400 25
(Alex: ...with less than a minute to go.)

Long Beach

Scott
    $800 30
(Scott: Who is Sharpova?)
[Initially accepted as correct; reversed before Final Jeopardy!]

Maria Sharapova

Scott
Triple Stumper
    $1,000 7
Lilliput

Erin
    $800 13
the League of Nations

Erin
    $800 2
Unbreakable

Erin
    $800 22
the hard way

Scott
    $800 24
(Erin: What is Daytona Beach?)

Cocoa Beach

ScottErin
    $1200 29
Wimbledon

Erin
    $1200 8
the Gitche Gumee

Scott
    $2,000 14
(Erin: What is Hungary?)

Belgium

Erin
    $1200 3
Duck

Triple Stumper
    $1200 10
retreat

Erin
    $1200 17
On the Beach

Scott
    $1600 28
(Alex: He's Serbian.)

Novak Djokovic

Triple Stumper
    $1600 9
(Scott: What is Morocco?)

Algeria

ScottAnne-Marie
    $1600 20
Alsace-Lorraine

Scott
    $1600 4
Loved

Scott
    $1600 15
the horn

Scott
    $1600 18
Myrtle Beach

Scott
    $2000 27
Martina Hingis

Triple Stumper
    $2000 11
Peru

Triple Stumper
    $2000 21
the Dardanelles

Scott
    $2000 5
Caveman

Erin
    $2000 16
against medical advice

Scott
    $2000 19
(Erin: What is Omaha Beach?)

Sword Beach

Erin
Triple Stumper

Scores at the end of the Double Jeopardy! Round:

Scott Erin Anne-Marie
$19,600 $10,000 $5,200

[wagering suggestions for these scores]

Final Jeopardy! Round responses

COLLEGES & UNIVERSITIES
(Alex: [To Anne-Marie] I'm with you, but I love dogs, too.)
...
(Alex: [To Erin] Just as correct pronunciation is important on the show, if you add a letter that changes the pronunciation, which you did here--you put an "N" before the "G". So it makes it "Bringham" Young instead of [*]. That is going to cost you...)
Anne-MarieWhat is cats rule!
$0
ErinWhat is Bringham Young University?
$5,000
ScottWhat is BYU?
$401
Brigham Young University

Final scores:

Scott Erin Anne-Marie
$20,001 $5,000 $5,200
4-day champion: $93,402 3rd place: $1,000 2nd place: $2,000

Game dynamics:

Coryat scores:

Scott Erin Anne-Marie
$18,800 $11,800 $5,200
26 R
(including 1 DD),
4 W
19 R
(including 1 DD),
3 W
(including 1 DD)
7 R,
0 W

Combined Coryat: $35,800

[game clues] [game scores] [suggest correction]

Game tape date: Unknown
The J! Archive is created by fans, for fans. Scraping, republication, monetization, and malicious use prohibited; this site may use cookies and collect identifying information. See terms. The Jeopardy! game show and all elements thereof, including but not limited to copyright and trademark thereto, are the property of Jeopardy Productions, Inc. and are protected under law. This website is not affiliated with, sponsored by, or operated by Jeopardy Productions, Inc. Join the discussion at JBoard.tv.